000 00574nam a2200217Ia 4500
003 OSt
005 20221007082851.0
006 a|||||r|||| 00| 0
007 ta
008 221006b |||||||| |||| 00| 0 eng d
024 _a33,391
037 _cDissertations
040 _aFLL
_cFLL
_beng
041 _2eng
_aeng
100 _aShaury Anupam
_9699691
245 0 _aProtction of intellectual property rights within the purview of WIPO and WTO
260 _c2009
300 _axvii,162p
_ccm.
942 _cDIS
_2CC
999 _c1168016
_d1168016